Nghiên cứu hiện trạng nước thải tại Khu công nghiệp dịch vụ thủy sản Thọ Quang, quận Sơn Trà – Tp. Đà Nẵng và một số giải pháp giảm thiểu ô nhiễm

Tìm hiểu tình hình hoạt động của KCN. Tìm hiểu tình hình xử lý nước thải của KCN. Tìm hiểu ảnh hưởng của nước. Thải đến Âu thuyền và cảng cá Thọ Quang. Đề xuất các giải pháp để giảm thiểu.

Đã lưu trong:
書目詳細資料
主要作者: Phùng Bích Ngân
其他作者: Đậu Thị Hòa PGS.TS. (Hướng dẫn)
格式: 圖書
語言:Vietnamese
出版: Đà Nẵng Đại học Sư phạm, Đại học Đà Nẵng 2013
主題:
標簽: 添加標簽
沒有標簽, 成為第一個標記此記錄!
Thư viện lưu trữ: Mạng thư viện Đại học Đà Nẵng
LEADER 01948nam a2200373 4500
001 000018889
003 15324
005 20140121080119.0
008 140115s2013 viesd
041 |a vie 
082 1 4 |a 910.162843  |b PH-N 
100 1 |a Phùng Bích Ngân 
245 1 0 |a Nghiên cứu hiện trạng nước thải tại Khu công nghiệp dịch vụ thủy sản Thọ Quang, quận Sơn Trà – Tp. Đà Nẵng và một số giải pháp giảm thiểu ô nhiễm  |c Phùng Bích Ngân ; Đậu Thị Hòa hướng dẫn  |k Khóa luận tốt nghiệp 
260 |a Đà Nẵng  |b Đại học Sư phạm, Đại học Đà Nẵng  |c 2013 
300 |a 57 tr., phụ lục 7 tr.  |b Hình mh.  |c 29 cm. 
500 |a Khóa luận tốt nghiệp đại học. Chuyên ngành: Cử nhân Địa lý - Môi trường 
520 |a Tìm hiểu tình hình hoạt động của KCN. Tìm hiểu tình hình xử lý nước thải của KCN. Tìm hiểu ảnh hưởng của nước. Thải đến Âu thuyền và cảng cá Thọ Quang. Đề xuất các giải pháp để giảm thiểu. 
650 0 4 |a Nước thải công nghiệp  |v Khóa luận tốt nghiệp  |x Xử lý  |z Đà Nẵng (Sơn Trà) 
653 |a Ô nhiễm môi trường 
653 |a Khoa Địa lý 
653 |a Xử lý nước thải công nghiệp 
653 |a Khu công nghiệp 
653 |a Dịch vụ thủy sản 
700 1 |a Đậu Thị Hòa  |c PGS.TS.  |e Hướng dẫn 
OWN |a LSP 
AVA |a UDN50  |b LSP  |d 910.162843 PH-N  |e available  |t Error 5001 Not defined in file expand_doc_bib_avail.  |f 1  |g 0  |h N  |i 0  |k 1 
999 |a From the UDN01 
AVA |a UDN50  |b LSP  |d 910.162843 PH-N  |e available  |t Error 5001 Not defined in file expand_doc_bib_avail.  |f 1  |g 0  |h N  |i 0  |k 1 
TYP |a Monograph 
TYP |a Printed language 
980 |a Mạng thư viện Đại học Đà Nẵng